Normal view
MARC view
- Robert Flast
Entry Personal Name
001 - CONTROL NUMBER
- control field: 98219
003 - CONTROL NUMBER IDENTIFIER
- control field: NUST
005 - DATE AND TIME OF LATEST TRANSACTION
- control field: 20220819105728.0
008 - FIXED-LENGTH DATA ELEMENTS
- fixed length control field: 220819|| aca||aabn | a|a d
040 ## - CATALOGING SOURCE
- Original cataloging agency: NUST
- Transcribing agency: NUST
100 ## - HEADING--PERSONAL NAME
- Personal name: Robert Flast
670 ## - SOURCE DATA FOUND
- Source citation: Work cat.: (NUST)180385: Robert Flast, Macintosh Spreadsheet
